1971 1695 1689 1408 1344 1198 1823 1520 1650 1377 1599 1743 1871 1549 1855 1727 1685 1278 1576 1995 1266 1307 1272 1434 1922 1999 1248 1925 1636 1310 1304 1315 1458 1364 1279 1956 1552 1636 1090 1747 1881 1532 1487 1247 1929 1612 1594 1223 1521 1086 1946 1347 1304 1322 1051 1406 1814 1061 1395 1422 1865 1557 1962 1511 1366 1284 1639 1809 1614 1337 1199 1598 1682 1312 1968 1400 1769 1291 1737 1214 1399 1415 1129 1981 1354 1409 1061 1566 1668 1820 1613 1468 1177 1111 1561 1016 1824 1998 1655 BCNSPRNW ULIB Ver.6.0+V

เปลี่ยนเป็นภาษาไทย

Change to English
 แสดงรายละเอียดบรรณานุกรม
  กลับหน้าหลัก

Brief Record : Get Marc (ISO 2709) : E-mail record : QR code < ปิดหน้าต่าง
LEADER : 00000nam 2200000uu 4500
001    13399128440
003     ULIB
008    230828s||||||||th 000 0 tha d
020    ^a9786165901192
060  4 ^aWY152^bจ483ผ
100 0  ^aจินตนา สุวิทวัส
245 10 ^aผู้สูงอายุ :^bโภชนาการและการพยาบาล /^cจินตนา สุวิทวัส
250    ^aพิมพ์ครั้งที่ 1
260    ^aขอนแก่น :^bเพ็ญพริ้นติ้ง,^c2565
300    ^a121 หน้า :^bภาพประกอบ
500    ^aบรรณานุกรม : จินตนา สุวิทวัส. (2565). ผู้สูงอายุ : โภชนาการและการพยาบาล. ขอนแก่น : เพ็ญพริ้นติ้ง.
505 0  ^a^tบทที่ 1 ประชากรผู้สูงอายุและภาวะโภชนาการในผู้สูงอายุ --^tบทที่ 2 การเปลี่ยนแปลงทางร่างกาย จิตใจ อารมณ์และสังคมในผู้สูงอายุ --^tบทที่ 3 การประเมินภาวะโภชนาการผู้สูงอายุ --^tบทที่ 4 ความต้องการพลังงาน สารอาหาร เส้นใยอาหารและน้ำในผู้สูงอายุ --^tบทที่ 5 การบริโภคอาหารในผู้สูงอายุ --^tบทที่ 6 การใช้กระบวนการพยาบาลในการพยาบาลด้านโภชนาการสำหรับผู้สูงอายุุ
650  7 ^aการพยาบาลผู้สูงอายุ
650  7 ^aโภชนาการ
650  7 ^aผู้สูงอายุ^xโภชนาการ
856    ^a^zผู้สูงอายุ โภชนาการและการพยาบาล (10053509).pdf (สารบัญหนังสือ)^uhttp://61.19.69.198/ULIB//_fulltext/Content ::/13399138214/20220922084752_2303.pdf
945    ^p250^l0^i29621
945    ^p250^l0^i29622
945    ^p250^l0^i29623
945    ^p250^l0^i29624
945    ^p250^l0^i29625
999    ^aกัณชพร จุลอักษร
รายการนี้ยังไม่มีแท็ก
คุณยังไม่ได้ล็อกอิน คุณสามารถมีกิจกรรมร่วมกับเว็บไซต์ได้ แต่ต้องล็อกอินก่อน ::
  ล็อกอิน

รายการสื่อสารสนเทศ

ลำดับที่ ประเภท เลขเรียก/บาร์โค้ด สถานที่ สถานะ
1. หนังสือสำรอง
หนังสือสำรอง
WY152 จ483ผ ฉ.1 
  Barcode: 29621
ห้องสมุดวิทยาเขตนครสวรรค์
►หนังสือทั่วไป:l:General Books
บนชั้น
2. วิทยาศาสตร์การแพทย์ และสุขภาพ
วิทยาศาสตร์การแพทย์ และสุขภาพ
WY152 จ483ผ ฉ.2 
  Barcode: 29622
ห้องสมุดวิทยาเขตนครสวรรค์
►หนังสือทั่วไป:l:General Books
บนชั้น
3. วิทยาศาสตร์การแพทย์ และสุขภาพ
วิทยาศาสตร์การแพทย์ และสุขภาพ
WY152 จ483ผ ฉ.3 
  Barcode: 29623
ห้องสมุดวิทยาเขตนครสวรรค์
►หนังสือทั่วไป:l:General Books
บนชั้น
4. วิทยาศาสตร์การแพทย์ และสุขภาพ
วิทยาศาสตร์การแพทย์ และสุขภาพ
WY152 จ483ผ ฉ.4 
  Barcode: 29624
ห้องสมุดวิทยาเขตนครสวรรค์
►หนังสือทั่วไป:l:General Books
บนชั้น
5. วิทยาศาสตร์การแพทย์ และสุขภาพ
วิทยาศาสตร์การแพทย์ และสุขภาพ
WY152 จ483ผ ฉ.5 
  Barcode: 29625
ห้องสมุดวิทยาเขตนครสวรรค์
►หนังสือทั่วไป:l:General Books
บนชั้น

รายการใกล้เคียง
    ผู้แต่ง [จินตนา สุวิทวัส]

    หัวเรื่อง [การพยาบาลผู้สูงอายุ]
    หัวเรื่อง [โภชนาการ]

BibComment


ยังไม่เคยถูกคอมเมนท์

คอมเมนท์ทรัพยากรรายการนี้
  คอมเมนท์: ผู้สูงอายุ โภชน..


 Copyright 2026. Bcnsprnw @Library